[Event "Geller Memorial"]
[Site "Odessa"]
[Date "2001.07.12"]
[Round "10"]
[White "Kasparov, Sergey"]
[Black "Rabin, V."]
[Result "1-0"]
[WhiteElo "2494"]
[BlackElo "2224"]
[PlyCount "97"]
[EventDate "2001.07.03"]
[EventType "tourn"]
[EventRounds "11"]
[EventCountry "UKR"]
[EventCategory "4"]
[SourceTitle "CBM 083 Extra"]
[Source "ChessBase"]
[SourceDate "2001.09.11"]
[SourceVersion "1"]
[SourceVersionDate "2001.09.11"]
[SourceQuality "1"]

1. d4 Nf6 2. c4 e5 3. dxe5 Ng4 4. Bf4 Bb4+ 5. Nc3 Qe7 6. Nf3 Nc6 7. Qd5 f6 8. exf6 Nxf6 9. Qd3 Ne4 10. Bd2 Nxd2 11. Qxd2 a5 12. a3 Bc5 13. Nd5 Qd6 14. e3 0-0 15. Be2 Ne5 16. Nc3 Nxf3+ 17. Bxf3 Qxd2+ 18. Kxd2 c6 19. Rhd1 Rb8 20. Ke1 Be7 21. Bg4 Rd8 22. Rac1 b6 23. Rc2 Ba6 24. Rxd7 Rxd7 25. Bxd7 Bxc4 26. Bxc6 Rd8 27. Rd2 Rc8 28. Bb7 Rc7 29. Bd5+ Kf8 30. Bxc4 Rxc4 31. Ke2 Rc6 32. f4 Bxa3 33. bxa3 Rxc3 34. Rb2 Rxa3 35. Rxb6 Ra2+ 36. Kf3 a4 37. Ra6 Ra1 38. g4 a3 39. Ke4 a2 40. g5 Ke7 41. h4 Kd7 42. h5 Ke7 43. Ra7+ Ke6 44. Ra6+ Ke7 45. Kf5 Re1 46. Rxa2 Rxe3 47. Ra7+ Kf8 48. Ra8+ Ke7 49. Rh8 1-0

[Event "Geller Memorial"]
[Site "Odessa"]
[Date "2001.07.11"]
[Round "9"]
[White "Rabin, V."]
[Black "Sumets, Andrey"]
[Result "1/2-1/2"]
[WhiteElo "2224"]
[BlackElo "2438"]
[PlyCount "176"]
[EventDate "2001.07.03"]
[EventType "tourn"]
[EventRounds "11"]
[EventCountry "UKR"]
[EventCategory "4"]
[SourceTitle "CBM 083 Extra"]
[Source "ChessBase"]
[SourceDate "2001.09.11"]
[SourceVersion "1"]
[SourceVersionDate "2001.09.11"]
[SourceQuality "1"]

1. Nf3 Nf6 2. c4 e6 3. Nc3 Bb4 4. Qc2 0-0 5. a3 Bxc3 6. Qxc3 b6 7. d3 Bb7 8. e4 d5 9. e5 Nfd7 10. d4 c5 11. Bd3 h6 12. Bf4 cxd4 13. Nxd4 Nc5 14. Bc2 dxc4 15. 0-0 Qh4 16. Bg3 Qh5 17. Qe3 a6 18. Ne2 Nc6 19. Rad1 Rad8 20. Rfe1 Nd3 21. Qxb6 Nxe1 22. Rxe1 Ba8 23. Qe3 Ne7 24. Nd4 Nd5 25. Qe4 Nf6 26. Qf4 Qg4 27. exf6 Qxf4 28. Bxf4 Rxd4 29. fxg7 Rfd8 30. Bxh6 Be4 31. Bxe4 Rxe4 32. Be3 Rb8 33. f3 Re5 34. Re2 f6 35. Kf2 Rb3 36. Bd4 Rxe2+ 37. Kxe2 Kxg7 38. Bc3 Kf7 39. Ke3 e5 40. f4 exf4+ 41. Kxf4 Rb8 42. h4 Rh8 43. g3 Ke6 44. Bd4 Rh5 45. Ke4 Rh6 46. Kf4 Rh5 47. Ke4 Rh7 48. Kf4 Kf7 49. Bf2 Rh5 50. Ke4 Rb5 51. Bd4 f5+ 52. Kf4 Kg6 53. Bc3 Rd5 54. Be5 Rd1 55. h5+ Kxh5 56. Kxf5 Rf1+ 57. Ke6 Kg4 58. Kd5 Rf5 59. Kd4 Rh5 60. Bf4 Rb5 61. Bc1 Rb8 62. Bf4 Rxb2 63. Kxc4 Kf3 64. Bd6 Ke4 65. Bb4 Rc2+ 66. Kb3 Rc6 67. Bd2 Rg6 68. Bf4 Kd5 69. Kb4 Kc6 70. a4 Kb7 71. a5 Re6 72. Kc5 Re2 73. Kc4 Kc6 74. Bg5 Re4+ 75. Kd3 Kd5 76. Bd2 Rg4 77. Bf4 Rg8 78. Bc7 Kc6 79. Bf4 Kb5 80. Bc7 Rg7 81. Be5 Rd7+ 82. Ke4 Kxa5 83. g4 Kb5 84. g5 Kc6 85. Kf5 Kd5 86. Bf6 Rb7 87. g6 a5 88. Bc3 a4 1/2-1/2

[Event "Geller Memorial"]
[Site "Odessa"]
[Date "2001.07.08"]
[Round "6"]
[White "Rabin, V."]
[Black "Trimbashevskij, Igor"]
[Result "1/2-1/2"]
[WhiteElo "2224"]
[BlackElo "2421"]
[PlyCount "40"]
[EventDate "2001.07.03"]
[EventType "tourn"]
[EventRounds "11"]
[EventCountry "UKR"]
[EventCategory "4"]
[SourceTitle "CBM 083 Extra"]
[Source "ChessBase"]
[SourceDate "2001.09.11"]
[SourceVersion "1"]
[SourceVersionDate "2001.09.11"]
[SourceQuality "1"]

1. c4 e5 2. Nc3 Nc6 3. g3 Nf6 4. Bg2 Bb4 5. e3 Bxc3 6. bxc3 0-0 7. Ne2 d6 8. 0-0 h6 9. d4 exd4 10. cxd4 Bg4 11. h3 Bh5 12. Kh2 d5 13. cxd5 Nxd5 14. Ba3 Re8 15. Rb1 Rb8 16. Bb2 Qd6 17. Qd2 Qb4 18. Bc3 Qd6 19. Bb2 Qb4 20. Bc3 Qd6 1/2-1/2

[Event "Geller Memorial"]
[Site "Odessa"]
[Date "2001.07.04"]
[Round "2"]
[White "Rabin, V."]
[Black "Eryomenko, Volodymyr"]
[Result "0-1"]
[WhiteElo "2224"]
[BlackElo "2151"]
[PlyCount "52"]
[EventDate "2001.07.03"]
[EventType "tourn"]
[EventRounds "11"]
[EventCountry "UKR"]
[EventCategory "4"]
[SourceTitle "CBM 083 Extra"]
[Source "ChessBase"]
[SourceDate "2001.09.11"]
[SourceVersion "1"]
[SourceVersionDate "2001.09.11"]
[SourceQuality "1"]

1. c4 f5 2. e4 fxe4 3. d3 exd3 4. Bxd3 Nf6 5. g4 d5 6. g5 dxc4 7. Qa4+ Qd7 8. Qxc4 Qd5 9. Qxd5 Nxd5 10. g6 h6 11. Nf3 Nc6 12. Nc3 Nxc3 13. bxc3 e5 14. 0-0 Bd6 15. Bc4 Bg4 16. Bf7+ Kd7 17. Nd2 Nd8 18. Ne4 Nxf7 19. gxf7 Raf8 20. f3 Bh5 21. Nxd6 cxd6 22. Ba3 Rxf7 23. Rad1 Rf6 24. Rd3 Kc6 25. Rfd1 Rd8 26. R1d2 Bxf3 0-1